Principia revista internacional de epistemologia.

Bibliographic Details
Corporate Author: Universidade Federal de Santa Catarina. Núcleo de Epistemologia e Lógica
Format: Electronic Journal
Language:Portuguese
English
French
Spanish
Published: Florianópolis : Editora da UFSC, 1997-
Subjects:
Online Access:Full text available from Research Library: 06/01/1997 to present

MARC

LEADER 00000nas a2200000 a 4500
001 ssj0000546442
003 WaSeSS
005 20200512172242.0
006 m d
007 cr n
008 001130c19979999bl fr p s 0 0por c
010 |a  00241138  
022 |l 1414-4247  |y 1414-4247 
035 |a (WaSeSS)ssj0000546442 
040 |a IXA  |b eng  |c IXA  |d DLC  |d OCLCQ  |d CUS  |d OCLCF  |d CUS  |d OCLCO  |d RDF  |d OCLCO  |d WaSeSS 
041 0 |a por  |a eng  |a fre  |a spa 
042 |a pcc 
050 0 0 |a BD161  |b .A23a 
130 0 |a Principia (Florianópolis, Brazil) 
210 0 |a Principia  |b (Florianópolis, Impr.) 
222 0 |a Principia  |b (Florianópolis. Impresso) 
245 1 0 |a Principia  |h [electronic resource] :  |b revista internacional de epistemologia. 
260 |a Florianópolis :  |b Editora da UFSC,  |c 1997- 
310 |a Semiannual 
362 0 |a Vol. 1, n. 1 (junho 1997)- 
506 |a License restrictions may limit access. 
546 |a Portuguese, with some articles in English, French, and Spanish; abstracts in English. 
550 |a Issued by: Universidade Federal de Santa Catarina, NEL-Núcleo de Epistemologia e Lógica. 
650 0 |a Knowledge, Theory of  |v Periodicals. 
650 7 |a Knowledge, Theory of.  |2 fast  |0 (OCoLC)fst00988194 
655 0 |a Electronic journals. 
710 2 |a Universidade Federal de Santa Catarina.  |b Núcleo de Epistemologia e Lógica. 
850 |a DLC 
853 2 0 |8 1  |a v.  |b n.  |u 2  |v r  |i (year)  |j (month)  |w f 
856 4 0 |z Full text available from Research Library: 06/01/1997 to present  |u https://search.proquest.com/publication/2026966 
863 4 1 |8 1.1  |a 1  |b 1  |i 1997  |j 06